000
00290nam a2200121Ia 4500
005
20251222144902.0
008
251222s9999||||xx |||||||||||||| ||spa||
020
_a
84-322-2018-3
082
_a
860/G23T
100
_a
"GarcĂa Hortelano, Juan "
245
0
_a
Tormenta de verano
942
_c
LIB
999
_c
22039
_d
22039